Who Did That Song: Grunge - Statistics

General Stats
  • This quiz has been taken 89 times
  • The average score is 15 of 33
Answer Stats
Hint Answer % Correct
In Bloom Nirvana
96%
Everlong Foo Fighters
90%
Them Bones Alice in Chains
79%
Fell on Black Days Soundgarden
79%
Glycerin Bush
75%
Plush Stone Temple Pilots
75%
Hunger Strike Temple of the Dog
71%
Last Kiss Pearl Jam
62%
No Rain Blind Melon
59%
Mayonase Smashing Pumpkins
59%
River Of Deceit Mad Season
54%
Violet Hole
53%
Shine Collective Soul
49%
Touch Me I'm Sick Mudhoney
47%
Nearly Lost You Screaming Trees
47%
Pepper Butthole Surfers
46%
Bound for the Floor Local H
44%
Peaches Presidents of the United States
43%
I Alone LIVE
41%
Crown of Thorns Mother Love Bone
41%
Tomorrow Silverchair
40%
Possum Kingdom Toadies
37%
Feel The Pain Dinosaur Jr.
26%
In the Meantime Spacehog
26%
Honey Bucket Melvins
24%
Bruise Violet Babes in Toyland
21%
Swallow My Pride Green River
19%
Plowed Sponge
16%
With Yo' Heart Malfunkshun
13%
Jinx TAD
13%
Out of Focus Love Battery
12%
Burn a Hole Skin Yard
10%
Above Me Gruntruck
7%
No matching quizzes found
Score Distribution
Percent of People with Each Score
Percentile by Number Answered
Your Score History
You have not taken this quiz